Nommez une réponse valide - Louis de Funès - Statistiques

Statistiques générales
  • Ce quiz a été pris 61 fois
  • Le résultat moyen est 6 sur 13
Statistiques - réponses
Hint Réponse % Correct
Un des acteurs/actrices avec qui il a joué Alfred Adam|Noëlle Adam|Bernard Alane|Andrex|Françoise Arnoul|Henri Attal|Florence Blot|Babeth|Jacques Balutin|Gérard Barray|Yves Barsacq|Guy Bedos|René Berthier|Jean-Luc Bideau|Maurice Biraud|Francis Blanche|Bernard Blier|Bourvil|Claude Brasseur|Pierre Brasseur|Jean-Claude Brialy|Colette Brosset|Raymond Bussières|Roger Caccia|Julien Carette|Jean Carmet|Jean-Pierre Cassel|Philippe Castelli|Jean-Roger Caussimon|Gino Cervi|Geraldine Chaplin|Marie-Anne Chazel|Maurice Chevit|Françoise Christophe|Coluche|Eddie Constantine|Annie Cordy|Darry Cowl|Pierre Dac|Robert Dalban|Marcel Dalio|Mireille Darc|Gérard Darmon|Jean-Pierre Darras|Danielle Darrieux|Sophie Daumier|Claude Dauphin|Mario David|Dominique Davray|Micheline Dax|Christine Dejoux|Suzy Delair|Germaine Delbat|Alain Delon|Danièle Delorme|Mylène Demongeot|Hubert Deschamps|Ivan Desny|Robert Dhéry|Sacha Distel|Anne Doat|Pierre Doris|Marie Dubois|Paulette Dubost|Jacques Dufilho|Roger Dumas|Jacques Dynam|Franco Fabrizi|Fernandel|Geneviève Fontanel|Jacques François|Paul Frankeur|Pierre Fresnay|Olivier de Funès|Jeanne Fusier-Gir|Jean Gabin|Michel Galabru|Nicole Garcia|Daniel Gélin|Henri Génès|Claude Gensac|Annie Girardot|Claude Giraud|Geneviève Grad|Denise Grey|Sophie Grimaldi|Guy Grosso|Julien Guiomar|Sacha Guitry|Henri Guybet|Odette Joyeux|Louis Jouvet|Patrice Laffont|Bernadette Lafont|Martin Lamotte|Robert Lamoureux|Gérard Lanvin|Pierre Larquey|Bernard Lavalette|Robert Le Béal|Ginette Leclerc|Bernard Le Coq|Jean Lefebvre|Jacques Legras|Virna Lisi|Michael Lonsdale|Folco Lulli|Jacqueline Maillan|Jean Marais|Luis Mariano|Jean-Pierre Marielle|Christian Marin|Jacques Marin|Mary Marquet|Mike Marshall|Jean Martin|Ferdy Mayne|Bernard Menez|Marthe Mercadier|Paul Mercey|Hans Meyer|Clément Michu|Miou-Miou|Michel Modo|Pierre Mondy|Yves Montand|Max Montavon|Dario Moreno|Michèle Morgan|Gaby Morlay|Moustache|Bruno Moynot|Bernard Musson|Philippe Noiret|Gérard Oury|Jean Ozenne|Maria Pacôme|Andréa Parisy|Gisèle Pascal|Raymond Pellegrin|François Périer|Marco Perrin|Gérard Philipe|Claude Piéplu|Roger Pierre|Marie-France Pisier|Jean Poiret|Popeck|Jacques Préboist|Paul Préboist|Patrick Préjean|Micheline Presle|Jean-Pierre Rambal|Fernand Raynaud|Pierre Repp|Claude Rich|Jean Richard|Maurice Risch|Yves Robert|Dany Robin|Madeleine Robinson|Jean Rochefort|Robert Rollis|Noël Roquevert|France Rumilly|Renée Saint-Cyr|Henri Salvador|Alice Sapritch|Fernand Sardou|Dany Saval|Alan Scott|Michel Serrault|Michel Simon|Raymond Souplex|Benno Sterzenbach|Pierre Tchernia|Terry-Thomas|Jean-Marc Thibault|Pierre Tornade|Guy Tréjan|Jean-Louis Trintignant|Pierre Vaneck|Charles Vanel|Roger Van Hool|Sylvie Vartan|Rosy Varte|Venantino Venantini|Lino Ventura|Jacques Villeret|Yves Vincent|Henri Virlogeux|Georges Wilson|Lambert Wilson|Dominique Zardi|Léon Zitrone
98%
Un film de Gérard Oury dans lequel il joue avec Bourvil Le Corniaud|La Grande Vadrouille
97%
Un film d'André Hunebelle dans lequel il joue avec Jean Marais Fantômas|Fantômas se déchaîne|Fantômas contre Scotland Yard
81%
Un des réalisateurs qui l'a dirigé Yves Allégret|Claude Autant-Lara|Jean Bastia|Jacques Becker|André Berthomieu|Jacques Besnard|Marcel Bluwal|Bernard Borderie|Norbert Carbonnaux|Jean Chérasse|Maurice Cloche|Henri Decoin|Denys de La Patellière|Maurice Delbez|Robert Dhéry|Jean Dréville|Clément Duhour|Julien Duvivier|Pierre Gaspard-Huit|Augusto Genina|Jean Girault|Gilles Grangier|Sacha Guitry|André Hunebelle|Alex Joffé|Serge Korber|Maurice Labro|Georges Lautner|Jean Laviron|Jean-Paul Le Chanois|Guy Lefranc|Jean Loubignac|Édouard Molinaro|Gérard Oury|Jack Pinoteau|Jacques Poitrenaud|Maurice Regamey|Emil-Edwin Reinert|Francis Rigaud|Carlo Rim|Yves Robert|Claude Sautet|Jean Stelli|Henri Verneuil|Claude Zidi
79%
Un des ces cinq derniers films La Zizanie|Le Gendarme et les Extra-terrestres|L’Avare|La Soupe aux choux|Le Gendarme et les Gendarmettes
78%
Un film du réalisateur Jean Girault Pouic-Pouic|Faites sauter la banque|Le Gendarme de Saint-Tropez|Le Gendarme à New York|Les Grandes Vacances|Le gendarme se marie|Le Gendarme en balade|Jo|Le Gendarme et les Extra-terrestres|L’Avare|La Soupe aux choux|Le Gendarme et les Gendarmettes
78%
Année de sa carrière (1947-1982) où il ne joue pas dans un film 1972|1974|1975|1977
57%
Un projet de film abandonné Merci Patron|Le Crocodile|Papy fait de la résistance|Le Cactus|Fantomas à Moscou|Le Gendarme dans l'espace|Le Gendarme au Pays du Soleil Levant|Le Gendarme et le Vol de la Joconde
41%
Un des ces cinq premiers films La Tentation de Barbizon|Six Heures à perdre|Le Château de la dernière chance|Dernier Refuge|Antoine et Antoinette
7%
Un film dont Sacha Guitry est le réalisateur Napoléon|Si Paris nous était conté
5%
Un téléfilm dans lequel il joue Les Joueurs|Jeanne avec nous|Le Grillon du foyer|La Servante|Fraternité|La Belle au bois dormant|La Puce à l'oreille
2%
Une des marques pour lesquelles il a tournée dans une publicité Visa|Cadoricin|Volkswagen|Martini|le Salon des arts ménagers
2%
Un film dans lequel il double une voix Le Grand Passage|Le Fils de Zorro|Sa Majesté monsieur Dupont|Je suis de la revue|Pour l'amour du ciel|Okinawa|L'Affaire Cicéron|La Guerre des mondes|L'Homme des vallées perdues|Les Rats du désert|Stalag 17|L'Homme au million|L'Émeraude tragique|Pain, Amour et Jalousie|L'Or de Naples|Au fond de mon cœur|Marqué par la haine|La Petite Maison de thé|Les Piliers du ciel|La Femme modèle|La Loi du Seigneur|Un de la réserve|Le Jugement dernier
0%
Aucun quiz correspondant
Distribution des résultats
% des personnes avec chaque résultat
Percentile par nombre de réponses
Votre historique - résultats
Vous n’avez pas pris ce quiz